| 000 | 00747cam a2200289 4500 | ||
|---|---|---|---|
| 001 | J98593 | ||
| 008 | 090401t1999 xxu||||| |||| 00| 0 eng d | ||
| 035 | _a(Sirsi) u93320 | ||
| 041 | _aeng | ||
| 050 | _a333.33709421 | ||
| 110 |
_aRichard Ellis St. Quintin _93738 |
||
| 245 | _aLondon the capital city | ||
| 260 |
_bRichard Ellis St. Quintin _c1999 |
||
| 300 | _a32p. ; 30cm. | ||
| 350 | _a0 | ||
| 650 | _aAVAILABILITY | ||
| 650 | _aCITY OF LONDON | ||
| 650 | _aPROPERTY-COMMERCIAL PROPERTY | ||
| 650 | _aDEMAND | ||
| 650 | _aDEVELOPMENT | ||
| 650 | _aECONOMY | ||
| 650 | _aFINANCE | ||
| 650 | _aINVESTMENT PROPERTY | ||
| 690 | _aPROPERTY-COMMERCIAL PROPERTY-COMMERCIAL PROPERTY MARKET | ||
| 942 | _n0 | ||
| 948 | _c13/05/1999 | ||
| 999 |
_c97828 _d97828 |
||